Particularidades del contrato de trabajo del futbolista profesional (Registro nro. 25116)

Detalles MARC
000 -LEADER
fixed length control field 00384 a2200109 4500
001 - CONTROL NUMBER
control field ART_17146
005 - DATE AND TIME OF LATEST TRANSACTION
control field 20260410161852.0
008 - FIXED-LENGTH DATA ELEMENTS--GENERAL INFORMATION
fixed length control field 260409a
100 1# - MAIN ENTRY--PERSONAL NAME
Personal name Arese, César
245 10 - TITLE STATEMENT
Title Particularidades del contrato de trabajo del futbolista profesional
773 0# - HOST ITEM ENTRY
Title Derecho del trabajo
Related parts Estatutos profesionales (parte I ) - Año II, Nº 4 (mar. 2013)
Record control number REV10447

No hay ítems disponibles.